KOHA-Header-6

A little Princess (Record no. 7804)

000 -LEADER
fixed length control field 00255nam a2200109Ia 4500
100 ## - MAIN ENTRY--AUTHOR NAME
Personal name Hodgson Burnett
245 #2 - TITLE STATEMENT
Title A little Princess
260 ## - PUBLICATION, DISTRIBUTION, ETC. (IMPRINT)
Place of publication London
Name of publisher McGraw-Hill
Year of publication 1996
300 ## - PHYSICAL DESCRIPTION
Number of Pages 256
942 ## - ADDED ENTRY ELEMENTS (KOHA)
Koha item type Books
Holdings
Withdrawn status Lost status Collection code Permanent Location Current Location Shelving location Date acquired Full call number Accession Number Koha item type
      MAJU MAJU Shelf No.A23 2019-09-12 910.2 1951 English Literature

Powered by Koha